[Event "FICGS rapid silver 000279 email"]
[Site "FICGS email"]
[Date "2021.09.03"]
[Round "2"]
[White "De Vassal, Thibault"]
[Black "Brand Lyard, Paul"]
[Result "1-0"]
[WhiteElo "2270"]
[BlackElo "1777"]
[PlyCount "47"]
[EventDate "2021.??.??"]
[EventType "match (rapid)"]
[EventRounds "2"]
[SourceTitle "Corr 2024"]
[Source "ChessBase"]
[SourceDate "2023.10.19"]
[SourceVersion "1"]
[SourceVersionDate "2023.10.19"]
[SourceQuality "1"]

1. e4 e5 2. Nf3 Nc6 3. Bb5 f6 4. 0-0 h5 5. d4 exd4 6. c3 dxc3 7. Nxc3 d6 8. Be3 Bg4 9. h3 Bxf3 10. Qxf3 g5 11. e5 fxe5 12. Bxg5 Be7 13. Bxc6+ bxc6 14. Qxc6+ Kf8 15. f4 Bxg5 16. fxg5+ Kg7 17. Qd5 Qe8 18. Rac1 Rb8 19. Nb5 Rxb5 20. Rxc7+ Ne7 21. Qe6 Rf8 22. Rxe7+ Kh8 23. Qh6+ Kg8 24. Rg7# 1-0

[Event "FICGS rapid silver 000272 email"]
[Site "FICGS email"]
[Date "2021.06.17"]
[Round "2"]
[White "De Vassal, Thibault"]
[Black "Brand Lyard, Paul"]
[Result "1-0"]
[WhiteElo "2270"]
[BlackElo "1900"]
[PlyCount "29"]
[EventDate "2021.??.??"]
[EventType "match (rapid)"]
[EventRounds "2"]
[SourceTitle "Corr 2022"]
[Source "ChessBase"]
[SourceDate "2021.10.24"]
[SourceVersion "1"]
[SourceVersionDate "2021.10.24"]
[SourceQuality "1"]

1. e4 e5 2. Nf3 Nc6 3. d4 d6 4. Bb5 Bg4 5. Nc3 Bxf3 6. Qxf3 exd4 7. Ne2 a6 8. Bxc6+ Ke7 9. Bxb7 Rb8 10. Bc6 Rb6 11. Nxd4 Qb8 12. Bg5+ f6 13. Qf5 fxg5 14. Qe6+ Kd8 15. Qe8# 1-0

[Event "FICGS W-ch final email"]
[Site "FICGS email"]
[Date "2015.07.07"]
[Round "1"]
[White "Gazi, Miroslav"]
[Black "De Vassal, Thibault"]
[Result "1/2-1/2"]
[WhiteElo "2268"]
[BlackElo "2231"]
[PlyCount "38"]
[EventDate "2015.??.??"]
[EventType "tourn (corr)"]
[EventRounds "6"]
[EventCategory "5"]
[SourceTitle "Corr 2022"]
[Source "ChessBase"]
[SourceDate "2021.10.24"]
[SourceVersion "1"]
[SourceVersionDate "2021.10.24"]
[SourceQuality "1"]

1. d4 Nf6 2. Bg5 d5 3. Nd2 e6 4. e4 dxe4 5. Nxe4 Be7 6. Bxf6 Bxf6 7. Nf3 0-0 8. Bc4 Nd7 9. Qe2 Be7 10. 0-0-0 c5 11. d5 exd5 12. Bxd5 Qc7 13. Nc3 Bf6 14. Nb5 Qf4+ 15. Qd2 Qb8 16. Nd6 Nb6 17. Bb3 c4 18. Nxc4 Nxc4 19. Bxc4 Qc7 1/2-1/2

[Event "FICGS W-ch st2 g05 email"]
[Site "FICGS email"]
[Date "2014.12.09"]
[Round "1"]
[White "Hamby, Stephen"]
[Black "De Vassal, Thibault"]
[Result "1/2-1/2"]
[WhiteElo "2157"]
[BlackElo "2232"]
[PlyCount "72"]
[EventDate "2014.??.??"]
[EventType "tourn (corr)"]
[EventRounds "8"]
[SourceTitle "Corr 2022"]
[Source "ChessBase"]
[SourceDate "2021.10.24"]
[SourceVersion "1"]
[SourceVersionDate "2021.10.24"]
[SourceQuality "1"]

1. d4 d5 2. c4 c6 3. Nf3 Nf6 4. Nc3 e6 5. Bg5 h6 6. Bh4 dxc4 7. e4 g5 8. Bg3 b5 9. Be2 Bb7 10. h4 g4 11. Ne5 h5 12. 0-0 Nbd7 13. Qc2 Nxe5 14. Bxe5 Bg7 15. b3 cxb3 16. axb3 a5 17. g3 0-0 18. Rad1 Qe7 19. Bxf6 Qxf6 20. e5 Qh6 21. Ne4 c5 22. dxc5 Bc6 23. Nd6 Bxe5 24. Bxb5 Bf3 25. Be2 Bd5 26. Rfe1 Qf6 27. Bc4 Bf3 28. Ne4 Bxe4 29. Qxe4 Bc3 30. Re3 a4 31. bxa4 Rxa4 32. c6 Ra5 33. Rd7 Rc5 34. Kg2 Rf5 35. Re2 Re5 36. Qd3 Rxe2 1/2-1/2

[Event "FICGS W-ch st1 gM 01 email"]
[Site "FICGS email"]
[Date "2014.03.03"]
[Round "1"]
[White "De Vassal, Thibault"]
[Black "Comes, Ruben"]
[Result "1-0"]
[WhiteElo "2251"]
[BlackElo "2267"]
[PlyCount "85"]
[EventDate "2014.??.??"]
[EventType "tourn (corr)"]
[EventRounds "6"]
[EventCategory "1"]
[SourceTitle "Corr 2022"]
[Source "ChessBase"]
[SourceDate "2021.10.24"]
[SourceVersion "1"]
[SourceVersionDate "2021.10.24"]
[SourceQuality "1"]

1. d4 d5 2. c4 c6 3. Nc3 Nf6 4. Nf3 e6 5. e3 Nbd7 6. Bd3 dxc4 7. Bxc4 b5 8. Bd3 Bb7 9. 0-0 a6 10. e4 c5 11. d5 Qc7 12. dxe6 fxe6 13. Bc2 c4 14. Nd4 Nc5 15. Be3 e5 16. Nf3 Be7 17. Ng5 Rd8 18. Qe2 h6 19. Bxc5 hxg5 20. Bxe7 Qxe7 21. Rad1 Rd4 22. Qe3 Ng4 23. Qg3 Nxh2 24. Rfe1 Kf7 25. b3 Rh6 26. bxc4 bxc4 27. Nd5 Bxd5 28. exd5 Rg4 29. Qc3 Qd6 30. Re4 Qf6 31. Re3 Rgh4 32. d6 Qf4 33. Qb4 Ng4 34. Qb7+ Kg8 35. Qd5+ Kf8 36. Qa8+ Kf7 37. Qa7+ Kg8 38. Rh3 Rxh3 39. gxh3 Rf6 40. hxg4 Qxg4+ 41. Kf1 Qh3+ 42. Ke1 Rxd6 43. Qa8+ 1-0

[Event "FICGS W-ch st1 gM 01 email"]
[Site "FICGS email"]
[Date "2014.03.03"]
[Round "1"]
[White "Gray, Garvin"]
[Black "De Vassal, Thibault"]
[Result "1/2-1/2"]
[WhiteElo "2266"]
[BlackElo "2251"]
[PlyCount "49"]
[EventDate "2014.??.??"]
[EventType "tourn (corr)"]
[EventRounds "6"]
[EventCategory "1"]
[SourceTitle "Corr 2022"]
[Source "ChessBase"]
[SourceDate "2021.10.24"]
[SourceVersion "1"]
[SourceVersionDate "2021.10.24"]
[SourceQuality "1"]

1. e4 e5 2. Nf3 Nc6 3. Bc4 Nf6 4. d3 Bc5 5. 0-0 d6 6. c3 0-0 7. b4 Bb6 8. a4 a6 9. Nbd2 Ne7 10. Bb3 Ng6 11. Nc4 Ba7 12. Be3 Be6 13. Bxa7 Rxa7 14. Ne3 Qd7 15. g3 Raa8 16. Re1 Bxb3 17. Qxb3 Qh3 18. Qd1 Ng4 19. Nxg4 Qxg4 20. Nd2 Qh3 21. Qf3 f5 22. exf5 Qxf5 23. Qxf5 Rxf5 24. d4 Raf8 25. Re2 1/2-1/2

[Event "FICGS W-ch st1 gM 01 email"]
[Site "FICGS email"]
[Date "2014.03.03"]
[Round "1"]
[White "Kuhne, Detlev"]
[Black "De Vassal, Thibault"]
[Result "1-0"]
[WhiteElo "2269"]
[BlackElo "2251"]
[PlyCount "145"]
[EventDate "2014.??.??"]
[EventType "tourn (corr)"]
[EventRounds "6"]
[EventCategory "1"]
[SourceTitle "Corr 2022"]
[Source "ChessBase"]
[SourceDate "2021.10.24"]
[SourceVersion "1"]
[SourceVersionDate "2021.10.24"]
[SourceQuality "1"]

1. e4 e5 2. Nf3 Nc6 3. Bb5 a6 4. Ba4 Nf6 5. 0-0 Be7 6. Re1 b5 7. Bb3 d6 8. c3 0-0 9. h3 Bb7 10. d4 Re8 11. Nbd2 Bf8 12. a4 h6 13. Bc2 exd4 14. cxd4 Nb4 15. Bb1 c5 16. d5 Nd7 17. Ra3 Nb6 18. a5 Nd7 19. Nf1 f5 20. Bd2 Nf6 21. Bxb4 cxb4 22. Rae3 fxe4 23. Bxe4 Nxe4 24. Rxe4 Rxe4 25. Rxe4 Qxa5 26. Ne3 Qa2 27. b3 Bc8 28. Nd4 a5 29. Ne6 Bd7 30. Nf5 Qb2 31. Qf3 Kh7 32. Rf4 Qa1+ 33. Kh2 Qe5 34. Ng3 Bxe6 35. dxe6 Re8 36. Rxf8 Rxf8 37. Qxf8 Qxe6 38. Qa8 Qxb3 39. Qxa5 Qa4 40. Qc7 b3 41. Qc3 Qc4 42. Qd2 Qa4 43. Ne2 Qa2 44. Qd3+ Kh8 45. Nc1 Qxf2 46. Nxb3 Qf4+ 47. Kg1 Qa4 48. Qd5 Qa7+ 49. Kf1 b4 50. Ke2 Qa6+ 51. Ke3 Qa7+ 52. Kd3 Qa6+ 53. Kd4 Qf1 54. Qa8+ Kh7 55. Qe4+ Kh8 56. Qc2 Qf7 57. Nc1 Qe6 58. Nd3 b3 59. Qb2 d5 60. Qxb3 Qe4+ 61. Kc5 Qxg2 62. Ne5 Qe4 63. Qxd5 Qe3+ 64. Kc6 Kh7 65. h4 Qc3+ 66. Qc5 Qb3 67. Kc7 Qe6 68. Qc2+ Kg8 69. Qe4 Qe7+ 70. Kc6 Qe8+ 71. Kd6 Qd8+ 72. Nd7 Qa5 73. Qd5+ 1-0

[Event "FICGS W-ch KO final email"]
[Site "FICGS email"]
[Date "2013.07.02"]
[Round "6"]
[White "Anderson, Peter W"]
[Black "De Vassal, Thibault"]
[Result "1-0"]
[WhiteElo "2346"]
[BlackElo "2406"]
[PlyCount "131"]
[EventDate "2013.??.??"]
[EventType "match (corr)"]
[EventRounds "3"]
[SourceTitle "Corr 2022"]
[Source "ChessBase"]
[SourceDate "2021.10.24"]
[SourceVersion "1"]
[SourceVersionDate "2021.10.24"]
[SourceQuality "1"]

1. d4 Nf6 2. c4 e6 3. Nc3 Bb4 4. a3 Bxc3+ 5. bxc3 0-0 6. e3 c5 7. Bd3 d5 8. cxd5 Qxd5 9. Nf3 b6 10. c4 Qc6 11. 0-0 Bb7 12. Re1 Rd8 13. Bb2 Nbd7 14. a4 a5 15. Qe2 Qc7 16. Nd2 Rac8 17. f3 Nf8 18. Rab1 N6d7 19. Qf2 Bc6 20. Ra1 Ng6 21. Nb1 Ndf8 22. Nc3 Qd6 23. Bf1 cxd4 24. exd4 Qxd4 25. Qxd4 Rxd4 26. Nd5 Rh4 27. Nxb6 Rb8 28. c5 Nd7 29. Rec1 f6 30. Bc3 Nxc5 31. Rab1 Be8 32. g3 Rh5 33. g4 Rg5 34. Bd2 Nxa4 35. Bxg5 fxg5 36. Nc8 Rxb1 37. Rxb1 Bc6 38. Ra1 Kf7 39. Na7 Bd7 40. Bb5 Nc5 41. Rxa5 Kf6 42. Kf2 Nf4 43. Bxd7 Nxd7 44. Nc8 Ne5 45. Nd6 Kg6 46. Ra4 h6 47. Nc4 Nxc4 48. Rxc4 Kf6 49. Ke3 Ke5 50. Re4+ Kd5 51. Kf2 Nd3+ 52. Kg3 e5 53. Ra4 g6 54. Ra6 Nf4 55. Kf2 h5 56. Ke3 Ng2+ 57. Kd2 Nf4 58. Ra5+ Kd4 59. gxh5 gxh5 60. Ra1 g4 61. Ra4+ Kd5 62. Ke3 Ke6 63. Ke4 Kf6 64. Ra6+ Kg5 65. Rb6 gxf3 66. Kxe5 1-0

[Event "FICGS W-ch KO final email"]
[Site "FICGS email"]
[Date "2013.07.02"]
[Round "3"]
[White "De Vassal, Thibault"]
[Black "Anderson, Peter W"]
[Result "0-1"]
[WhiteElo "2406"]
[BlackElo "2346"]
[PlyCount "76"]
[EventDate "2013.??.??"]
[EventType "match (corr)"]
[EventRounds "3"]
[SourceTitle "Corr 2022"]
[Source "ChessBase"]
[SourceDate "2021.10.24"]
[SourceVersion "1"]
[SourceVersionDate "2021.10.24"]
[SourceQuality "1"]

1. d4 g6 2. e4 Bg7 3. c4 d6 4. Nc3 e5 5. d5 a5 6. c5 dxc5 7. Be3 b6 8. Nf3 Ne7 9. h4 Bg4 10. Qa4+ Bd7 11. Qd1 Nc8 12. h5 Nd6 13. Nd2 f5 14. f3 f4 15. Bf2 g5 16. Nc4 0-0 17. Bd3 Nf7 18. Na3 Na6 19. Nab5 Nb4 20. Bc4 Nd6 21. Nxd6 cxd6 22. h6 Bf6 23. Qe2 Bc8 24. 0-0-0 Na6 25. Bb5 Nc7 26. Bc6 Ba6 27. Qc2 Rb8 28. a3 Be7 29. Qa4 Rf6 30. Rh2 g4 31. Bh4 Rg6 32. Bxe7 Qxe7 33. Kb1 b5 34. Qxa5 b4 35. axb4 cxb4 36. Na2 Be2 37. Qa7 Qd8 38. Rd2 gxf3 0-1

[Event "FICGS W-ch qf2 email"]
[Site "FICGS email"]
[Date "2013.07.02"]
[Round "8"]
[White "Kruse, Herbert"]
[Black "De Vassal, Thibault"]
[Result "1/2-1/2"]
[WhiteElo "2386"]
[BlackElo "2406"]
[PlyCount "125"]
[EventDate "2013.??.??"]
[EventType "match (corr)"]
[EventRounds "5"]
[SourceTitle "Corr 2022"]
[Source "ChessBase"]
[SourceDate "2021.10.24"]
[SourceVersion "1"]
[SourceVersionDate "2021.10.24"]
[SourceQuality "1"]

1. Nf3 Nf6 2. g3 g6 3. c4 Bg7 4. d4 0-0 5. Nc3 c5 6. d5 d6 7. Bg2 e6 8. 0-0 exd5 9. cxd5 Re8 10. Bf4 Na6 11. Nd2 Nh5 12. Be3 Nc7 13. a4 b6 14. Nc4 Ba6 15. Qd3 Nf6 16. Bg5 h6 17. Bf4 Nh5 18. Bd2 Nf6 19. b3 Ng4 20. Qc2 Qe7 21. h3 Ne5 22. Na3 h5 23. Rfe1 f5 24. f4 Nd7 25. e4 Bd4+ 26. Kh1 Qg7 27. Rad1 h4 28. gxh4 Qh7 29. Nc4 Nf6 30. exf5 Bxc4 31. bxc4 gxf5 32. Bf3 Kf7 33. Rf1 Be3 34. Be1 Re7 35. Ra1 Rg8 36. Ne2 Ne4 37. h5 Ne8 38. Ra3 Bd4 39. Bh4 Bf6 40. Bg5 Nxg5 41. fxg5 Rxg5 42. Nf4 Ng7 43. h4 Rg3 44. Qf2 Rxf3 45. Qxf3 Re4 46. a5 Nxh5 47. Qxh5+ Qxh5 48. Nxh5 Rxh4+ 49. Kg2 Rxh5 50. axb6 axb6 51. Raf3 Rg5+ 52. Rg3 Kg6 53. Rb1 Be5 54. Rxg5+ Kxg5 55. Kf3 Kf6 56. Rxb6 Kg5 57. Rb8 Kf6 58. Re8 Kg5 59. Rf8 Kg6 60. Kg2 Kg5 61. Kf3 Kg6 62. Kg2 Kg5 63. Kf3 1/2-1/2

[Event "FICGS class SM 000017 email"]
[Site "FICGS email"]
[Date "2012.07.31"]
[Round "1"]
[White "Podgursky, Artur"]
[Black "De Vassal, Thibault"]
[Result "1/2-1/2"]
[WhiteElo "2395"]
[BlackElo "2432"]
[PlyCount "24"]
[EventDate "2012.??.??"]
[EventType "tourn (corr)"]
[EventRounds "6"]
[EventCategory "7"]
[SourceTitle "Corr 2022"]
[Source "ChessBase"]
[SourceDate "2021.10.24"]
[SourceVersion "1"]
[SourceVersionDate "2021.10.24"]
[SourceQuality "1"]

1. e4 e5 2. Nf3 Nc6 3. Bb5 a6 4. Ba4 Nf6 5. 0-0 Be7 6. Re1 b5 7. Bb3 0-0 8. h3 Bb7 9. d3 d5 10. exd5 Nxd5 11. Nxe5 Nd4 12. Nd2 c5 1/2-1/2

[Event "FICGS W-ch st1 gM 01 email"]
[Site "FICGS email"]
[Date "2012.01.01"]
[Round "1"]
[White "De Vassal, Thibault"]
[Black "Johnson, Bobby"]
[Result "1/2-1/2"]
[WhiteElo "2430"]
[BlackElo "2400"]
[PlyCount "47"]
[EventDate "2012.??.??"]
[EventType "tourn (corr)"]
[EventRounds "6"]
[EventCategory "1"]
[SourceTitle "Corr 2022"]
[Source "ChessBase"]
[SourceDate "2021.10.24"]
[SourceVersion "1"]
[SourceVersionDate "2021.10.24"]
[SourceQuality "1"]

1. e4 e5 2. Nf3 Nc6 3. Bb5 a6 4. Ba4 Nf6 5. 0-0 Be7 6. Re1 b5 7. Bb3 d6 8. c3 0-0 9. h3 Na5 10. Bc2 c5 11. d4 Qc7 12. d5 Nd7 13. b3 Nb6 14. Nbd2 Bd7 15. Nf1 Nb7 16. Be3 c4 17. Qd2 cxb3 18. axb3 a5 19. Bxb6 Qxb6 20. b4 Rfc8 21. Ne3 g6 22. Bd3 Bf8 23. Ng4 Bg7 24. Nh6+ 1/2-1/2

[Event "FICGS W-ch st1 gM 01 email"]
[Site "FICGS email"]
[Date "2012.01.01"]
[Round "1"]
[White "Fajs, Bojan"]
[Black "De Vassal, Thibault"]
[Result "1/2-1/2"]
[WhiteElo "2410"]
[BlackElo "2430"]
[PlyCount "41"]
[EventDate "2012.??.??"]
[EventType "tourn (corr)"]
[EventRounds "6"]
[EventCategory "1"]
[SourceTitle "Corr 2022"]
[Source "ChessBase"]
[SourceDate "2021.10.24"]
[SourceVersion "1"]
[SourceVersionDate "2021.10.24"]
[SourceQuality "1"]

1. e4 e5 2. Nf3 Nc6 3. Bb5 a6 4. Ba4 Nf6 5. 0-0 Be7 6. Bxc6 dxc6 7. d3 Qd6 8. b3 Bg4 9. h3 Bh5 10. Bb2 Nd7 11. Nbd2 Qf6 12. a4 Bd6 13. Qe2 h6 14. Qe3 0-0 15. a5 Rfe8 16. Bc3 Bc5 17. Qe2 Bd6 18. g4 Bg6 19. Nc4 Bh7 20. Rae1 Qd8 21. Qd2 1/2-1/2

[Event "FICGS W-ch st1 gM 01 email"]
[Site "FICGS email"]
[Date "2012.01.01"]
[Round "1"]
[White "Hase, Pavel"]
[Black "De Vassal, Thibault"]
[Result "1/2-1/2"]
[WhiteElo "2332"]
[BlackElo "2430"]
[PlyCount "127"]
[EventDate "2012.??.??"]
[EventType "tourn (corr)"]
[EventRounds "6"]
[EventCategory "1"]
[SourceTitle "Corr 2022"]
[Source "ChessBase"]
[SourceDate "2021.10.24"]
[SourceVersion "1"]
[SourceVersionDate "2021.10.24"]
[SourceQuality "1"]

1. e4 e5 2. Nf3 Nc6 3. Bb5 a6 4. Ba4 Nf6 5. 0-0 Be7 6. Re1 b5 7. Bb3 0-0 8. c3 d6 9. h3 Na5 10. Bc2 c5 11. d4 Nd7 12. Nbd2 exd4 13. cxd4 Nc6 14. d5 Nce5 15. a4 Bb7 16. Qe2 c4 17. Nxe5 Nxe5 18. Nf1 Re8 19. Be3 Bf6 20. axb5 axb5 21. Qd2 Qd7 22. Ng3 g6 23. Ne2 c3 24. Nxc3 Nc4 25. Qe2 Nxe3 26. Qxe3 Qc7 27. Rac1 Qb8 28. Bd3 Bxc3 29. Rxc3 Bxd5 30. Qd4 Qb7 31. h4 b4 32. Rcc1 Be6 33. Bf1 h5 34. Qxd6 Red8 35. Qg3 Rd4 36. Rc5 Qd7 37. Rg5 Kh7 38. f4 Qd6 39. Kh2 Rd2 40. Be2 Rxb2 41. Rd1 Rd2 42. Rxd2 Qxd2 43. Bxh5 Ra1 44. f5 Qc1 45. fxg6+ Kh6 46. Qf2 f6 47. Rb5 b3 48. g7 Qh1+ 49. Kg3 Qe1 50. Qxe1 Rxe1 51. g8Q Bxg8 52. Bf3 Bc4 53. Rb6 Kg7 54. Kg4 Be6+ 55. Kf4 Kf7 56. Rb7+ Kg6 57. h5+ Kh6 58. Rb6 Kg7 59. Kg3 Bc4 60. Kg4 Bg8 61. Kf5 Bh7+ 62. Kf4 Bg8 63. Rb7+ Kh6 64. Rb6 1/2-1/2

[Event "FICGS W-ch qf4 email"]
[Site "FICGS email"]
[Date "2011.04.01"]
[Round "8"]
[White "De Vassal, Thibault"]
[Black "Szczepanski, Zbigniew"]
[Result "1-0"]
[WhiteElo "2337"]
[BlackElo "2498"]
[PlyCount "87"]
[EventDate "2011.??.??"]
[EventType "match (corr)"]
[EventRounds "8"]
[SourceTitle "Corr 2013"]
[Source "ChessBase"]
[SourceDate "2012.11.12"]
[SourceVersion "1"]
[SourceVersionDate "2012.11.12"]
[SourceQuality "1"]

1. e4 c5 2. Nf3 d6 3. d4 cxd4 4. Nxd4 Nf6 5. Nc3 a6 6. Be3 e5 7. Nb3 Be6 8. f3 Be7 9. Qd2 0-0 10. 0-0-0 Nbd7 11. g4 b5 12. g5 b4 13. Ne2 Ne8 14. f4 a5 15. f5 a4 16. Nbd4 exd4 17. Nxd4 b3 18. Kb1 bxc2+ 19. Nxc2 Bb3 20. axb3 axb3 21. Na3 Ne5 22. h4 Ra4 23. Rh3 Rxe4 24. Qg2 Rg4 25. Qb7 Qc7 26. Qxc7 Nxc7 27. Bb6 Ne8 28. Nb5 f6 29. g6 hxg6 30. Nc3 d5 31. Nxd5 Bd6 32. Ne3 Rb4 33. Bd4 Ra4 34. fxg6 Nxg6 35. Bc4+ Kh8 36. Bxb3 Rb4 37. Nd5 Rb5 38. h5 Nf4 39. Nxf4 Bxf4 40. h6 g6 41. Bc4 Rh5 42. Rxh5 gxh5 43. Bc5 Nd6 44. Rxd6 1-0

[Event "FICGS class SM 000014 email"]
[Site "FICGS email"]
[Date "2011.02.18"]
[Round "1"]
[White "Alaguzov, Maxat"]
[Black "De Vassal, Thibault"]
[Result "0-1"]
[WhiteElo "2415"]
[BlackElo "2341"]
[PlyCount "48"]
[EventDate "2011.??.??"]
[EventType "tourn (corr)"]
[EventRounds "6"]
[EventCategory "7"]
[SourceTitle "Corr 2013"]
[Source "ChessBase"]
[SourceDate "2012.11.12"]
[SourceVersion "1"]
[SourceVersionDate "2012.11.12"]
[SourceQuality "1"]

1. e4 c5 2. Nf3 d6 3. d4 cxd4 4. Nxd4 Nf6 5. Nc3 a6 6. Bg5 e6 7. f4 Qb6 8. Qd2 Qxb2 9. Rb1 Qa3 10. e5 h6 11. Bh4 dxe5 12. fxe5 g5 13. exf6 gxh4 14. Be2 Qa5 15. 0-0 Nd7 16. Kh1 Qg5 17. Rf4 e5 18. Nd5 exd4 19. Bf3 Bd6 20. Qxd4 Ne5 21. Ne7 Nxf3 22. Qxd6 h3 23. g3 Qe5 24. Qd3 Ng5 0-1

[Event "FICGS class SM 000014 email"]
[Site "FICGS email"]
[Date "2011.02.18"]
[Round "1"]
[White "De Vassal, Thibault"]
[Black "Boehme, Sebastian"]
[Result "1/2-1/2"]
[WhiteElo "2341"]
[BlackElo "2327"]
[PlyCount "60"]
[EventDate "2011.??.??"]
[EventType "tourn (corr)"]
[EventRounds "6"]
[EventCategory "7"]
[SourceTitle "Corr 2013"]
[Source "ChessBase"]
[SourceDate "2012.11.12"]
[SourceVersion "1"]
[SourceVersionDate "2012.11.12"]
[SourceQuality "1"]

1. e4 e5 2. Nf3 Nc6 3. Bb5 a6 4. Ba4 Nf6 5. 0-0 Be7 6. Re1 b5 7. Bb3 d6 8. c3 0-0 9. h3 Bb7 10. d4 Re8 11. Nbd2 Bf8 12. a3 h6 13. Bc2 d5 14. dxe5 Nxe5 15. Nxe5 Rxe5 16. f4 Bc5+ 17. Kh1 Nxe4 18. Nxe4 Rxe4 19. Bxe4 dxe4 20. Qe2 Bd6 21. a4 bxa4 22. Rxa4 Qh4 23. Kg1 Bc6 24. Ra5 Bb5 25. Qf2 Qe7 26. Be3 Rb8 27. b4 Re8 28. Bd4 Qe6 29. Be5 Qc4 30. Bxd6 cxd6 1/2-1/2

[Event "FICGS class SM 000014 email"]
[Site "FICGS email"]
[Date "2011.02.18"]
[Round "1"]
[White "De Vassal, Thibault"]
[Black "Podgursky, Artur"]
[Result "1/2-1/2"]
[WhiteElo "2341"]
[BlackElo "2407"]
[PlyCount "26"]
[EventDate "2011.??.??"]
[EventType "tourn (corr)"]
[EventRounds "6"]
[EventCategory "7"]
[SourceTitle "Corr 2013"]
[Source "ChessBase"]
[SourceDate "2012.11.12"]
[SourceVersion "1"]
[SourceVersionDate "2012.11.12"]
[SourceQuality "1"]

1. e4 c5 2. Nc3 d6 3. f4 Nc6 4. Nf3 g6 5. Bc4 Bg7 6. 0-0 e6 7. d3 Nge7 8. f5 exf5 9. Qe1 h6 10. Bd2 Be6 11. exf5 Bxf5 12. h3 0-0 13. g4 d5 1/2-1/2

[Event "FICGS class SM 000013 email"]
[Site "FICGS email"]
[Date "2011.01.09"]
[Round "1"]
[White "De Vassal, Thibault"]
[Black "Podgursky, Artur"]
[Result "1/2-1/2"]
[WhiteElo "2341"]
[BlackElo "2407"]
[PlyCount "28"]
[EventDate "2011.??.??"]
[EventType "tourn (corr)"]
[EventRounds "6"]
[EventCategory "7"]
[SourceTitle "Corr 2013"]
[Source "ChessBase"]
[SourceDate "2012.11.12"]
[SourceVersion "1"]
[SourceVersionDate "2012.11.12"]
[SourceQuality "1"]

1. d4 Nf6 2. c4 g6 3. Nc3 Bg7 4. e4 d6 5. Nf3 0-0 6. Be2 e5 7. 0-0 Nc6 8. d5 Ne7 9. h3 Ne8 10. Be3 f5 11. exf5 gxf5 12. Bg5 h6 13. Bh4 Nf6 14. Nd2 e4 1/2-1/2

[Event "FICGS class SM 000013 email"]
[Site "FICGS email"]
[Date "2011.01.09"]
[Round "1"]
[White "Fajs, Bojan"]
[Black "De Vassal, Thibault"]
[Result "1/2-1/2"]
[WhiteElo "2441"]
[BlackElo "2341"]
[PlyCount "83"]
[EventDate "2011.??.??"]
[EventType "tourn (corr)"]
[EventRounds "6"]
[EventCategory "7"]
[SourceTitle "Corr 2013"]
[Source "ChessBase"]
[SourceDate "2012.11.12"]
[SourceVersion "1"]
[SourceVersionDate "2012.11.12"]
[SourceQuality "1"]

1. e4 e6 2. d4 d5 3. Nc3 Nf6 4. Bg5 Be7 5. e5 Nfd7 6. h4 c5 7. Bxe7 Kxe7 8. Nf3 Qb6 9. Qd2 cxd4 10. Nxd4 Nc6 11. Qg5+ Kf8 12. Nxc6 bxc6 13. 0-0-0 Rb8 14. b3 h6 15. Qg3 h5 16. Kb1 g6 17. Be2 Kg7 18. f4 Ba6 19. Bxa6 Qxa6 20. Qg5 Rb4 21. Rh3 Rhb8 22. g4 Qc4 23. gxh5 Qxf4 24. Qe7 Nxe5 25. hxg6 R8b7 26. Qe8 fxg6 27. Re1 Qf6 28. Qc8 Nf3 29. Rxe6 Nd2+ 30. Kc1 Qf4 31. Rhe3 Ne4 32. Nd1 Nd6 33. Qxc6 d4 34. Rxd6 dxe3 35. Rxg6+ Kh7 36. Rf6 Qe5 37. Rh6+ Kg7 38. Qg6+ Kf8 39. Qf6+ Qxf6 40. Rxf6+ Rf7 41. Rxf7+ Kxf7 42. Nxe3 1/2-1/2

[Event "FICGS standard gold email"]
[Site "FICGS email"]
[Date "2010.11.11"]
[Round "1"]
[White "De Vassal, Thibault"]
[Black "Evans, David R"]
[Result "1/2-1/2"]
[WhiteElo "2362"]
[BlackElo "2000"]
[PlyCount "134"]
[EventDate "2010.??.??"]
[EventType "match (corr)"]
[EventRounds "2"]
[SourceTitle "Corr 2013"]
[Source "ChessBase"]
[SourceDate "2012.11.12"]
[SourceVersion "1"]
[SourceVersionDate "2012.11.12"]
[SourceQuality "1"]

1. e4 c5 2. Nf3 d6 3. d4 cxd4 4. Nxd4 Nf6 5. Nc3 a6 6. Be2 e5 7. Nb3 Be7 8. Qd3 0-0 9. 0-0 Be6 10. Nd5 Nxd5 11. exd5 Bc8 12. Be3 Nd7 13. a4 f5 14. a5 f4 15. Bd2 Nf6 16. c4 Qe8 17. Bf3 Ng4 18. h3 Bf5 19. Be4 Bxe4 20. Qxe4 Nf6 21. Qf5 Rc8 22. Rac1 Rc7 23. Rc3 Bd8 24. Qc2 Qh5 25. Re1 Re8 26. Qd1 Qg6 27. Qb1 Qg5 28. Qc2 Rc8 29. Rg3 Qh4 30. Rf3 Qh6 31. Rc1 Bc7 32. Qf5 Bb8 33. Bb4 Rcd8 34. Bc3 Rf8 35. Nd2 Rde8 36. Ne4 Nxd5 37. Qg4 Nf6 38. Qf5 Kh8 39. Nxf6 Rxf6 40. Qd7 Qg6 41. h4 Qf7 42. Qxf7 Rxf7 43. Rd3 Kg8 44. Rd5 Rc8 45. b3 Rc6 46. Rcd1 Bc7 47. Bb4 Rf6 48. f3 Kf7 49. Kh2 Ke6 50. g3 fxg3+ 51. Kxg3 Bb8 52. R1d3 Rf7 53. Kh3 g6 54. Kg2 b6 55. axb6 Rxb6 56. Ba5 Rc6 57. Bd2 Ba7 58. Be3 Bxe3 59. Rxe3 Rb6 60. Red3 Rfb7 61. c5 dxc5 62. Rxc5 Rxb3 63. Rc6+ Kf5 64. Rxb3 Rxb3 65. Rxa6 e4 66. Ra7 exf3+ 67. Kg3 f2+ 1/2-1/2